[Event "SWE-chT 9899"]
[Site "Sweden"]
[Date "1999.??.??"]
[Round "11"]
[White "Ahlander, Bjorn"]
[Black "Moberg, Karl Johan"]
[Result "1-0"]
[WhiteElo "2583"]
[BlackElo "2398"]

1.d4 Nf6 2.c4 g6 3.Nc3 d5 4.cxd5 Nxd5 5.e4 Nxc3 6.bxc3 Bg7 7.Nf3 c5 8.Bc4 O-O
9.h3 Nc6 10.Be3 cxd4 11.cxd4 b5 12.Be2 Qa5+ 13.Kf1 Bb7 14.a4 b4 15.Rc1 f5
16.Rc5 Qd8 17.exf5 gxf5 18.Bc4+ Kh8 19.Ng5 Qe8 20.Bf7 Qxf7 21.Nxf7+ Rxf7
22.d5 Ne5 23.Bd4 Rd8 24.Qe2 Nd7 25.Rb5 Ba6 26.Qe6 Bxb5+ 27.axb5 Kg8 28.Bxa7 Be5
29.Ke2 Kf8 30.Bc5 Nxc5 31.Qxe5 Rf6 32.Rc1 Ne4 33.Rc7 Nc3+ 34.Kf3 Nxd5 35.Rxe7 b3
36.Rxh7 Kg8 37.Rb7 Kf8 38.Qd4 Rdd6 39.Qc4 Ne7  1-0

[Event "Tampere op"]
[Site "Tampere"]
[Date "1999.??.??"]
[Round "8"]
[White "Kallio, Heikki"]
[Black "Holmsten, Aleksei"]
[Result "1/2-1/2"]
[WhiteElo "2352"]
[BlackElo "2373"]

1.d4 Nf6 2.c4 g6 3.Nc3 d5 4.cxd5 Nxd5 5.e4 Nxc3 6.bxc3 Bg7 7.Be3 O-O 8.Qd2 c5
9.Nf3 Bg4 10.Ng5 cxd4 11.cxd4 Nc6 12.h3 Bd7 13.Nf3 Rc8 14.Be2 e5 15.d5 Nd4
16.Nxd4 exd4 17.Bxd4 Bxd4 18.Qxd4 Rc2 19.Kf1 Qa5 20.Bf3 Rfc8 21.Kg1 Rd2 22.Qf6 Qc3
23.Qxc3 Rxc3 24.Kh2 b5 25.Kg3 g5 26.Rhd1 Rdc2 27.Rd4 h5 28.e5 Kf8 29.Re1 Ke7
30.e6 fxe6 31.dxe6 Be8 32.Re5 Kf6 33.Red5 h4+ 34.Kg4 Rc4 35.Re4 Rxe4+ 36.Bxe4 Rxf2
37.Bf3 Rxa2 38.Rf5+ Ke7 39.Rxg5 b4 40.Kxh4 a5 41.Kg4 b3 42.Kf5 b2 43.Rg7+ Kd6
44.Rb7 a4 45.Rb6+ Kc5 46.Rb8 a3 47.Be4 Ra1 48.Rxe8 Rf1+ 49.Ke5 a2 50.Rc8+ Kb4
51.Rb8+ Kc5 52.Rc8+ Kb4 53.Rb8+ Kc5  1/2-1/2

[Event "Isla de Tenerife op"]
[Site "Tenerife"]
[Date "1999.??.??"]
[Round "6"]
[White "Vegh, Endre"]
[Black "Ramos, Jose M"]
[Result "1-0"]
[WhiteElo "2300"]
[BlackElo "2000"]

1.d4 Nf6 2.c4 g6 3.Nc3 d5 4.cxd5 Nxd5 5.e4 Nxc3 6.bxc3 Bg7 7.Bc4 c5 8.Ne2 O-O
9.Be3 Nc6 10.Rc1 Na5 11.Bd3 e5 12.dxe5 b6 13.f4 Qh4+ 14.g3 Qh3 15.Kf2 f6
16.f5 fxe5 17.Ng1 Qh5 18.Be2 Rxf5+ 19.Ke1 Bb7 20.Bxh5 Rxh5 21.g4 Bxe4 22.gxh5 Bxh1
23.hxg6 Nc4 24.gxh7+ Kh8 25.Bg5 Rf8 26.Rc2 e4 27.Rf2 Re8 28.Qd7  1-0

[Event "RUS-Cup"]
[Site "Tula "]
[Date "1999.??.??"]
[Round "6"]
[White "Sherbakov, Ruslan"]
[Black "Naer, Eugeni"]
[Result "1/2-1/2"]
[WhiteElo "2559"]
[BlackElo "2455"]

1.d4 Nf6 2.c4 g6 3.Nc3 d5 4.cxd5 Nxd5 5.e4 Nxc3 6.bxc3 Bg7 7.Be3 c5 8.Qd2 Qa5
9.Rb1 b6 10.Bb5+ Bd7 11.Be2 Bc6 12.Bd3 Nd7 13.Rc1 Bb5 14.Bxb5 Qxb5 15.Ne2 Qc4
16.O-O  1/2-1/2

[Event "LTU-ch"]
[Site "Vilnius"]
[Date "1999.??.??"]
[Round "?"]
[White "Grabliauskas, Virginijus"]
[Black "Sakalauskas, Vaidas"]
[Result "1-0"]
[WhiteElo "2445"]
[BlackElo "2450"]

1.d4 Nf6 2.c4 g6 3.Nc3 d5 4.cxd5 Nxd5 5.e4 Nxc3 6.bxc3 Bg7 7.Bb5+ c6 8.Ba4 O-O
9.Ne2 c5 10.O-O Nc6 11.d5 Na5 12.Bg5 b6 13.Qd3 h6 14.Bf4 e5 15.Be3 f5 16.d6 Bb7
17.exf5 gxf5 18.f3 Rf6 19.Rad1 Kh8 20.Bf2 c4 21.Qc2 a6 22.Qd2 Rg6 23.Kh1 Bf6
24.Ng3 f4 25.Nh5 Bg5 26.Rfe1 e4 27.fxe4 b5 28.Bc2 Nc6 29.e5 f3 30.Qd5 Nb4
31.Qxb7 Nxc2 32.Qe4 Nxe1 33.Qxg6 fxg2+ 34.Kg1 Nf3+ 35.Kxg2 Qf8 36.Rf1 Nd2
37.Nf6 Bxf6 38.Bh4  1-0

[Event "Premier"]
[Site "Hastings ENG"]
[Date "2000.01.04"]
[Round "1"]
[White "Krush,I"]
[Black "Sutovsky,E"]
[Result "1/2-1/2"]
[WhiteElo "2399"]
[BlackElo "2597"]

1.d4 Nf6 2.c4 g6 3.Nc3 d5 4.cxd5 Nxd5 5.e4 Nxc3 6.bxc3 Bg7 7.Bb5+ c6 8.Ba4 O-O
9.Ne2 Nd7 10.O-O e5 11.Bb3 Qe7 12.Qc2 Re8 13.f3 b6 14.Be3 Ba6 15.Rad1 Rac8
16.Qd2 c5 17.d5 c4 18.Bc2 Nc5 19.Rf2 Bb5 20.Nc1 Bd7 21.Rdf1 f5 22.exf5 gxf5
23.g4 Rf8 24.d6 Qf7 25.Bxf5 Bxf5 26.gxf5 Qxf5 27.Bxc5 Rxc5 28.Ne2 Qd3 29.Ng3 Rd5
30.Ne4 Qxd2 31.Rxd2 Rxd2 32.Nxd2 Rd8 33.Ne4 Bf8 34.Rd1 h6 35.Kf2 Kf7 36.Ke3 Rd7
37.a4 Ke6 38.Rg1 Rg7 39.Rd1 Rd7 40.Rg1 Rg7 41.Rd1 Rd7 42.Rg1  1/2-1/2

[Event "107th ch-NZL"]
[Site "Auckland NZL"]
[Date "2000.01.07"]
[Round "10"]
[White "Zakaria,F"]
[Black "Perry,R NZL"]
[Result "1-0"]
[WhiteElo "2185"]
[BlackElo "2205"]

1.d4 Nf6 2.c4 g6 3.Nc3 d5 4.cxd5 Nxd5 5.e4 Nxc3 6.bxc3 Bg7 7.Nf3 c5 8.Rb1 O-O
9.Be2 cxd4 10.cxd4 Qa5+ 11.Qd2 Qxd2+ 12.Bxd2 e6 13.O-O b6 14.Bb5 Ba6 15.Rfc1 Bxb5
16.Rxb5 Na6 17.Rb3 Rfc8 18.Rxc8+ Rxc8 19.Ra3 Nb8 20.Rxa7 Nc6 21.Rd7 h6 22.g3 g5
23.h3 Ra8 24.Rd6 Ne7 25.Bb4 Ng6 26.a3 Re8 27.Rd7 Bf8 28.Ne5 Nxe5 29.dxe5 Bxb4
30.axb4 Rc8 31.Rb7 Rc4 32.Rxb6 Rxe4 33.Rb5 Re1+ 34.Kg2 Rb1 35.Kf3 Rb2 36.h4 gxh4
37.gxh4 Kg7 38.Rb8 Rb3+ 39.Kg4 Rb2 40.f3 Rg2+ 41.Kf4 Rh2 42.Kg3 Rb2 43.h5 Rb1
44.b5 Rb4 45.b6 Rb3 46.Kf4 Rb4+ 47.Ke3 Rb3+ 48.Kd4 Rb4+ 49.Kd3 Rb1 50.Kc4 Rb2
51.Kc5 Rb3 52.f4 Rb1 53.Kd6 Rb4 54.Ke7 Rxf4 55.Rf8 Rb4 56.Rxf7+ Kg8 57.Rf8+ Kg7
58.Rb8 Rb1 59.Kxe6 Rb2 60.Rb7+ Kf8 61.Kd7 Rd2+ 62.Kc8 Ke8 63.Rh7 Rc2+ 64.Rc7 Rd2
65.e6 Rd8+ 66.Kb7 Rd1 67.e7  1-0

[Event "VII Anibal Open"]
[Site "Linares ESP"]
[Date "2000.01.11"]
[Round "5"]
[White "Estremera Panos,S"]
[Black "Yandemirov,V"]
[Result "1/2-1/2"]
[WhiteElo "2387"]
[BlackElo "2481"]

1.d4 Nf6 2.c4 g6 3.Nc3 d5 4.cxd5 Nxd5 5.e4 Nxc3 6.bxc3 Bg7 7.Nf3 c5 8.Bb5+ Nc6
9.O-O O-O 10.Be3 cxd4 11.cxd4 Bg4 12.Bxc6 bxc6 13.Rc1 Bxf3 14.Qxf3 Bxd4 15.Rfd1 e5
16.Rxc6 Qd7 17.Qf6 Qd8 18.Bxd4 Qxf6 19.Rxf6 Rfd8 20.Kf1 Rac8 21.Ra6 Rxd4
22.Rxd4 exd4 23.Rxa7 d3 24.Ke1 Rc1+ 25.Kd2 Rf1 26.f3 Rf2+ 27.Kxd3 Rxg2 28.h4 Rf2
29.Ke3 Rh2 30.a4 Rxh4 31.a5 Rh1 32.Kf4 Ra1 33.a6 Ra5 34.e5 h6 35.Ra8+ Kg7
36.Ra7 Kg8 37.Ra8+ Kg7 38.a7 g5+ 39.Kg3 Ra3 40.Kg2 h5 41.Kh2 Ra2+ 42.Kg1 h4
43.Kh1 h3 44.Kg1 Kh7 45.Kh1 Kg7 46.Kg1  1/2-1/2

[Event "ch-Asia"]
[Site "Udaipur IND"]
[Date "2000.01.13"]
[Round "4"]
[White "Dao Thien Hai"]
[Black "Peng Xiaomin"]
[Result "1/2-1/2"]
[WhiteElo "2550"]
[BlackElo "2624"]

1.d4 Nf6 2.c4 g6 3.Nc3 d5 4.cxd5 Nxd5 5.e4 Nxc3 6.bxc3 Bg7 7.Bb5+ c6 8.Ba4 O-O
9.Ne2 c5 10.O-O Nc6 11.dxc5 Na5 12.Qxd8 Rxd8 13.Rb1 Be6 14.Bb3 Bd7 15.Be3 Bc6
16.f3 e6 17.Rfd1 Bf8 18.c4 Rac8 19.Nf4 Rxd1+ 20.Rxd1 Be8 21.Nd3 f6 22.Kf2 e5
23.Ke2 Bf7 24.Rc1 Nc6 25.Ba4 Na5 26.Bb3 Nc6 27.Kd2 Nb8 28.Rb1 Na6 29.Bc2 Rc7
30.Kc3 g5 31.Rb5 Be7 32.Bb3 Be8 33.Ra5 Bc6 34.Ba4 Bxa4 35.Rxa4 Kf8  1/2-1/2

[Event "Extraliga CZE"]
[Site "Ostrava CZE"]
[Date "2000.01.15"]
[Round "6"]
[White "Bazant,P"]
[Black "Pribyl,M"]
[Result "1/2-1/2"]
[WhiteElo "2361"]
[BlackElo "2321"]

1.d4 Nf6 2.c4 g6 3.Nc3 d5 4.cxd5 Nxd5 5.e4 Nxc3 6.bxc3 Bg7 7.Be3 c5 8.Nf3 Qa5
9.Qd2 Nc6 10.Rc1 cxd4 11.cxd4 Qxd2+ 12.Kxd2 O-O 13.d5 Rd8 14.Ke1 Na5 15.Bd2 b6
16.Bb4 Bf8 17.Bxa5 bxa5 18.Nd4 e6 19.Nc6 Re8 20.Bc4 exd5 21.Bxd5 Be6 22.Bxe6 Rxe6
23.Rc4 Rae8 24.f3 Bh6 25.Kf2 Rd6 26.Re1 a6 27.Re2 Bd2 28.g3 Rd3 29.Rc2 Bc3
30.Re3 Bd4 31.Nxd4 Rxd4 32.Ra3 Re5 33.Ke3 Rd6 34.Rd3 Rxd3+ 35.Kxd3 Rb5 36.Kd4 h5
37.h4 Kg7 38.Rc5 Rb2 39.Rxa5 Rg2 40.Ke3 Rxg3 41.Kf2 Rh3 42.Kg2 Rxh4 43.Rxa6 Rf4
44.a4 g5 45.Ra5 g4 46.fxg4 hxg4 47.Re5 Rf3 48.Rg5+ Kf8 49.Rxg4 Ra3 50.e5 Ke7
51.Kf2 Ke6 52.Rf4 Kxe5 53.Rxf7 Rxa4  1/2-1/2

[Event "V Ubeda Open"]
[Site "Ubeda ESP"]
[Date "2000.01.21"]
[Round "3"]
[White "San Segundo Carrillo,P"]
[Black "Holmsten,A"]
[Result "1/2-1/2"]
[WhiteElo "2497"]
[BlackElo "2364"]

1.d4 Nf6 2.c4 g6 3.Nc3 d5 4.cxd5 Nxd5 5.e4 Nxc3 6.bxc3 Bg7 7.Rb1 O-O 8.Nf3 c5
9.Be2 cxd4 10.cxd4 Qa5+ 11.Bd2 Qxa2 12.O-O Bg4 13.Be3 Nc6 14.d5 Na5 15.Bg5 Qa3
16.Bd2 Bc3 17.Bc1 Qd6 18.e5 Qd7 19.Bd2 Bxf3 20.Bxf3 Bxd2 21.Qxd2 Nc4 22.Qe2 b5
23.e6 Qd6 24.exf7+ Kg7 25.Rxb5 Ne5 26.Re1 Nxf3+ 27.Qxf3 Rxf7 28.Qc3+ Qf6
29.Qxf6+ exf6 30.Ra5 Rd8 31.g4 Rd6 32.Kg2 Rfd7 33.Rd1 g5 34.Kf3 Re7 35.Rc1 Kg6
36.Rc8 h6 37.Rg8+ Kf7 38.Rh8 Kg7 39.Ra8 Kg6 40.Rg8+ Kf7 41.Rc8 Kg6 42.h3 f5
43.Rf8 fxg4+ 44.hxg4 Kg7 45.Rf5 Kg6 46.Rc5 h5 47.Rc6 Rxc6 48.dxc6 hxg4+ 49.Kxg4 Re4+
50.f4 gxf4 51.Rc5 Re8 52.Kxf4 Kf6 53.Rh5 Ke6 54.Re5+  1/2-1/2

[Event "Corus Reserve Group"]
[Site "Wijk aan Zee NED"]
[Date "2000.01.24"]
[Round "4"]
[White "Keatinge Clay,A"]
[Black "Krnic,Z"]
[Result "0-1"]
[WhiteElo "2287"]
[BlackElo "2401"]

1.d4 Nf6 2.c4 g6 3.Nc3 d5 4.cxd5 Nxd5 5.e4 Nxc3 6.bxc3 Bg7 7.Bc4 O-O 8.Ne2 Nc6
9.Be3 b6 10.O-O Bb7 11.Qd2 Na5 12.Bd3 c5 13.Rad1 cxd4 14.cxd4 Rc8 15.Qb4 Qd7
16.d5 Qd6 17.Bd2 Rc5 18.Qa3 Nc4 19.Bxc4 Rxc4 20.Qxa7 Qd7 21.Qxb6 Rxe4 22.Be3 Bxd5
23.Qc5 Rd8 24.Nc3 Bxc3 25.Qxc3 Ra4 26.a3 Qe6 27.Rfe1 Re4 28.f3 Rc8 29.Qxc8+ Qxc8
30.fxe4 Bxe4 31.Bb6 Qc2 32.Rd8+ Kg7 33.Bd4+ e5 34.Bf2 g5 35.Re8 f6 36.Re7+ Kg6
37.Ra7 Bc6 38.Ra5 h5 39.Rc5 Qa4 40.Rec1 Ba8 41.R5c3 h4 42.Re1 Qg4  0-1

[Event "Corus Reserve Group"]
[Site "Wijk aan Zee NED"]
[Date "2000.01.25"]
[Round "5"]
[White "Cheparinov,I"]
[Black "Keatinge Clay,A"]
[Result "1-0"]
[WhiteElo "2089"]
[BlackElo "2287"]

1.d4 Nf6 2.c4 g6 3.Nc3 d5 4.cxd5 Nxd5 5.e4 Nxc3 6.bxc3 Bg7 7.Nf3 O-O 8.Be3 c5
9.Qd2 Qa5 10.Rb1 cxd4 11.cxd4 Qxd2+ 12.Kxd2 b6 13.Rc1 e6 14.Bd3 Ba6 15.a4 Bxd3
16.Kxd3 Na6 17.Rc4 Rfd8 18.Ke2 h6 19.h4 Rac8 20.Rhc1 Rxc4 21.Rxc4 f5 22.exf5 gxf5
23.h5 Bf8 24.Ne5 Kg7 25.Bxh6+ Kh7 26.Nc6 Rc8 27.Bxf8 Rxf8 28.Nxa7 Ra8 29.Nc8 Kh6
30.Nxb6 Rb8 31.a5 Kxh5 32.Na4 Kg5 33.Nc5 Nc7 34.a6 Ra8 35.Ra4 Ra7 36.Rb4 Nxa6
37.Ra4 Nxc5 38.Rxa7 Nb3 39.Ra4 Kf4 40.Kd3 e5 41.d5+ e4+ 42.Kc4 Nd2+ 43.Kc3  1-0

[Event "Perenyi Mem"]
[Site "Gyula HUN"]
[Date "2000.01.26"]
[Round "3"]
[White "Horvath,Cs"]
[Black "Groszpeter,A"]
[Result "1/2-1/2"]
[WhiteElo "2519"]
[BlackElo "2470"]

1.d4 Nf6 2.c4 g6 3.Nc3 d5 4.cxd5 Nxd5 5.e4 Nxc3 6.bxc3 Bg7 7.Nf3 c5 8.Rb1 O-O
9.Be2 cxd4 10.cxd4 Qa5+ 11.Bd2 Qxa2 12.O-O Bg4 13.Bg5 h6 14.Bh4 a5 15.Rxb7 g5
16.Bg3 a4 17.Rc7 Qb2 18.Bc4 a3 19.Bd5 Bxf3 20.gxf3 Ra6 21.Rb7 Qxd4 22.Qxd4 Bxd4
23.Bxb8 a2 24.Bxa2 Rxa2  1/2-1/2

[Event "V Ubeda Open"]
[Site "Ubeda ESP"]
[Date "2000.01.27"]
[Round "9"]
[White "Kalantarian,N"]
[Black "Holmsten,A"]
[Result "1/2-1/2"]
[WhiteElo "2474"]
[BlackElo "2364"]

1.d4 Nf6 2.c4 g6 3.Nc3 d5 4.cxd5 Nxd5 5.e4 Nxc3 6.bxc3 Bg7 7.Nf3 c5 8.Rb1 O-O
9.Be2 cxd4 10.cxd4 Qa5+ 11.Bd2 Qxa2 12.O-O Bg4 13.Bg5 h6 14.Be3 Nc6 15.d5 Ne5
16.Rxb7 e6 17.dxe6 Nxf3+ 18.Bxf3 Bxe6 19.e5 Rfd8 20.Rxa7  1/2-1/2

[Event "V Ubeda Open"]
[Site "Ubeda ESP"]
[Date "2000.01.27"]
[Round "9"]
[White "Bick,J"]
[Black "Khamrakulov,I"]
[Result "0-1"]
[WhiteElo "2266"]
[BlackElo "2354"]

1.d4 Nf6 2.c4 g6 3.Nc3 d5 4.cxd5 Nxd5 5.e4 Nxc3 6.bxc3 Bg7 7.Bc4 O-O 8.Ne2 c5
9.O-O Nc6 10.Be3 Qc7 11.Rc1 Rd8 12.Bf4 Qd7 13.dxc5 Qe8 14.Qa4 Bd7 15.Qa3 Ne5
16.Bxe5 Bxe5 17.f4 Bg7 18.f5 Bb5 19.Qb3 Bxc4 20.Qxc4 Rac8 21.Nf4 b5 22.Qe2 Qc6
23.Nd5 Qxc5+ 24.Kh1 e6 25.fxe6 fxe6 26.Nf6+ Bxf6 27.Rxf6 Qc4 28.Qg4 Rf8 29.Qxe6+ Qxe6
30.Rxe6 Rxc3 31.Rd1 Ra3 32.Re7 Rxa2 33.h3 Rf7 34.Re8+ Kg7 35.e5 Re2 36.h4 Kh6
37.e6 Rf5 38.Rd7 Rfe5 39.Ra8 Rxe6 40.Rdxa7 Re7 41.Ra6 Rb2  0-1

[Event "Corus B"]
[Site "Wijk aan Zee NED"]
[Date "2000.01.27"]
[Round "8"]
[White "Avrukh,B"]
[Black "Danailov,S"]
[Result "1-0"]
[WhiteElo "2620"]
[BlackElo "2462"]

1.d4 Nf6 2.c4 g6 3.Nc3 d5 4.cxd5 Nxd5 5.e4 Nxc3 6.bxc3 Bg7 7.Bb5+ c6 8.Ba4 O-O
9.Ne2 c5 10.d5 e6 11.O-O exd5 12.exd5 Nd7 13.Be3 Qa5 14.Bb3 Ne5 15.c4 Bf5
16.Rc1 Nd3 17.Rc2 Nb2 18.Qd2 Qxd2 19.Rxd2 b5 20.cxb5 c4 21.Nd4 c3 22.Nxf5 cxd2
23.Ne7+ Kh8 24.Bxd2 Rfd8 25.Nc6 Rd7 26.Be3 Bf6 27.g4 g5 28.f4 gxf4 29.Rxf4 Bg7
30.Re4 Nd3 31.Kf1 f6 32.Re6 Ne5 33.h3 Nf7 34.Bd4 f5 35.Bxg7+ Kxg7 36.gxf5 Nd6
37.f6+ Kf8 38.Ne5 Rdd8 39.Re7 Kg8 40.Bc2  1-0

[Event "BCX Open"]
[Site "Brasilia BRA"]
[Date "2000.01.29"]
[Round "5"]
[White "De Sa,A"]
[Black "Tsuboi,E"]
[Result "1-0"]
[WhiteElo "2061"]
[BlackElo "2334"]

1.d4 Nf6 2.c4 g6 3.Nc3 d5 4.cxd5 Nxd5 5.e4 Nxc3 6.bxc3 Bg7 7.Bc4 c5 8.Ne2 Nc6
9.Be3 O-O 10.O-O Bg4 11.f3 Na5 12.Bxf7+ Rxf7 13.fxg4 Rxf1+ 14.Qxf1 Nc4 15.Qc1 Qd7
16.h3 Qe6 17.e5 Bxe5 18.dxe5 Qxe5 19.Bh6 Rd8 20.Qf4 Qxf4 21.Nxf4 Kf7 22.Rf1 Nd2
23.Re1 Rd6 24.Bg5 Rd7 25.Re5 b6 26.Kf2 Nc4 27.Rd5 Nd6 28.Kf3 Rb7 29.h4 Nb5
30.Rd3 Nd6 31.h5 Nc4 32.Rd8 Nd6 33.Bh6 Ne8 34.Nd3 Nf6 35.Rf8+ Ke6 36.hxg6 hxg6
37.Nf4+ Kd6 38.Nxg6 Nd7 39.Rf4 Rb8 40.Bf8 Ke6 41.Bxe7 Rg8 42.Re4+ Kf7 43.Nh4  1-0

[Event "Bundesliga 1999-2000"]
[Site "Passau GER"]
[Date "2000.01.30"]
[Round "9"]
[White "Khenkin,I"]
[Black "Ftacnik,L"]
[Result "1/2-1/2"]
[WhiteElo "2622"]
[BlackElo "2579"]

1.d4 Nf6 2.c4 g6 3.Nc3 d5 4.cxd5 Nxd5 5.e4 Nxc3 6.bxc3 Bg7 7.Be3 c5 8.Qd2 Qa5
9.Rb1 b6 10.Nf3 O-O 11.Rc1 e6 12.d5 exd5 13.exd5 Nd7 14.c4 Qxd2+ 15.Nxd2 Nf6
16.h3 b5 17.cxb5 Rd8 18.Bc4 Nxd5 19.Bxd5 Rxd5 20.Ke2 Bd7  1/2-1/2

[Event "Perenyi Mem"]
[Site "Gyula HUN"]
[Date "2000.01.31"]
[Round "8"]
[White "Horvath,Cs"]
[Black "Ruck,R"]
[Result "1/2-1/2"]
[WhiteElo "2519"]
[BlackElo "2472"]

1.d4 Nf6 2.c4 g6 3.Nc3 d5 4.cxd5 Nxd5 5.e4 Nxc3 6.bxc3 Bg7 7.Bb5+ c6 8.Ba4 O-O
9.Ne2 c5 10.O-O Nc6 11.Be3 Na5 12.Rb1 b6 13.dxc5 Ba6 14.Bb5 Bxb5 15.Rxb5 Nc4
16.Bg5 h6 17.Rb4 b5 18.Bc1 Rb8 19.a4 a6 20.axb5 axb5 21.Nd4 Qc7 22.Nxb5 Qxc5
23.Qb3 Rbc8  1/2-1/2

[Event "Wydra mem rapidplay"]
[Site "Haifa ISR"]
[Date "2000.02.03"]
[Round "4"]
[White "Avrukh,B"]
[Black "Greenfeld,A"]
[Result "1-0"]
[WhiteElo "2620"]
[BlackElo "2563"]

1.d4 Nf6 2.c4 g6 3.Nc3 d5 4.cxd5 Nxd5 5.e4 Nxc3 6.bxc3 Bg7 7.Bb5+ c6 8.Ba4 O-O
9.Ne2 c5 10.d5 e6 11.Be3 b6 12.Bb3 Na6 13.O-O Nc7 14.Qd2 exd5 15.exd5 Nb5
16.Bf4 Nd6 17.Ng3 Bb7 18.Rfe1 c4 19.Ba4 b5 20.Bc2 Qb6 21.Be3 Qc7 22.Bd4 f5
23.Ne2 Rae8 24.Bxg7 Qxg7 25.Nd4 Bc8 26.a4 a6 27.axb5 axb5 28.Qf4 Qf6 29.h4 Bd7
30.Rxe8 Rxe8 31.Ra6  1-0

[Event "FSGM January"]
[Site "Budapest HUN"]
[Date "2000.02.06"]
[Round "2"]
[White "Hoang Thanh Trang"]
[Black "Ribshtein,N"]
[Result "1-0"]
[WhiteElo "2448"]
[BlackElo "2362"]

1.d4 Nf6 2.c4 g6 3.Nc3 d5 4.cxd5 Nxd5 5.e4 Nxc3 6.bxc3 Bg7 7.Bb5+ c6 8.Ba4 O-O
9.Ne2 c5 10.O-O Nc6 11.dxc5 Qa5 12.Be3 Rd8 13.Qc2 Ne5 14.Rfd1 Bd7 15.Bxd7 Nxd7
16.c6 bxc6 17.Nd4 Rac8 18.Rab1 Ne5 19.Nb3 Qc7 20.Qe2 Nd7 21.c4 Nb6 22.c5 Na4
23.Bd2 Nc3 24.Bxc3 Bxc3 25.Qc4 Rxd1+ 26.Rxd1 Rd8 27.Rd3 Bf6 28.g3 a5 29.Rxd8+ Qxd8
30.Kg2 Qa8 31.a4 e6 32.Qd3 Qa7 33.Qd2 Qa6 34.Nxa5 Be7 35.Qb4 h5 36.h4 Bf8
37.Nc4 Bg7 38.Nd6 Qe2 39.a5 Kh7 40.Nxf7  1-0

[Event "Extraliga CZE"]
[Site "Ostrava CZE"]
[Date "2000.02.06"]
[Round "9"]
[White "Bazant,P"]
[Black "Navara,D"]
[Result "0-1"]
[WhiteElo "2361"]
[BlackElo "2406"]

1.d4 Nf6 2.c4 g6 3.Nc3 d5 4.cxd5 Nxd5 5.e4 Nxc3 6.bxc3 Bg7 7.Be3 c5 8.Qd2 O-O
9.Nf3 Qa5 10.Rc1 Rd8 11.Bh6 Bg4 12.Bxg7 Bxf3 13.Bh6 Bxe4 14.Qe3 Rd6 15.Bc4 Rxd4
16.Bxf7+ Kxf7 17.O-O Ra4 18.c4 Bf5 19.Qe5 Nc6 20.Qg7+ Ke6 21.Rfe1+ Kd7 22.Rcd1+ Kc7
23.Rxe7+ Kb6 24.Rxb7+ Ka6 25.Rb5 Qb6 26.Rxb6+ axb6 27.Rd6 Rc8 28.Qf6 Kb7
29.f3 Rxa2 30.g4 Re8 31.Kf1 Ree2 32.gxf5 Rf2+ 33.Ke1 Rxh2 34.Bd2 Nd4 35.Rxd4 Ra1+
36.Bc1 cxd4 37.Kd1 Raa2 38.Qe7+ Ka6 39.Qe1 gxf5 40.Qg1 d3 41.f4 d2 42.Bb2 Rxb2
43.Qxh2 Rb1+  0-1

[Event "Petroff Mem Open"]
[Site "St Petersburg RUS"]
[Date "2000.02.09"]
[Round "3"]
[White "Moiseenko,A"]
[Black "Yandemirov,V"]
[Result "1/2-1/2"]
[WhiteElo "2573"]
[BlackElo "2472"]

1.d4 Nf6 2.c4 g6 3.Nc3 d5 4.cxd5 Nxd5 5.e4 Nxc3 6.bxc3 Bg7 7.Nf3 c5 8.Rb1 O-O
9.Be2 b6 10.O-O Bb7 11.Qd3 Ba6 12.Qe3 Qc8 13.d5 e6 14.c4 exd5 15.cxd5 Bxe2
16.Qxe2 Qa6 17.Qc2 Nd7 18.Re1 Rfe8 19.Bf4 b5 20.e5 c4 21.Qd2 Nc5 22.Nd4 Nd3
23.Nxb5 Nxe1 24.Nc7 c3 25.Qxe1 Qc4 26.Nxe8 Rxe8 27.g3  1/2-1/2

[Event "FSIMA February"]
[Site "Budapest HUN"]
[Date "2000.02.11"]
[Round "7"]
[White "Woolridge,L"]
[Black "Szeberenyi,A"]
[Result "0-1"]
[WhiteElo "2185"]
[BlackElo "2257"]

1.d4 Nf6 2.c4 g6 3.Nc3 d5 4.cxd5 Nxd5 5.e4 Nxc3 6.bxc3 Bg7 7.Bc4 O-O 8.Ne2 c5
9.O-O Nc6 10.Be3 Bg4 11.f3 Bd7 12.a4 Rc8 13.Ba2 Na5 14.Ng3 Qe8 15.e5 cxd4
16.Bxd4 Nc4 17.Qe2 Be6 18.Ne4 Bd5 19.Nc5 b6 20.Nd3 e6 21.Bb1 Na5 22.Bc2 Qe7
23.Rfe1 Rfd8 24.Nf2 Qc7 25.Ng4 Nc6 26.Bf2 Qe7 27.Qe3 h5 28.Nh6+ Kh7 29.Nxf7 Qxf7
30.Qg5 Bh6 31.Qxh5 Kg7 32.Qg4 Ne7 33.Bh4 Rd7 34.Bf6+ Kh7 35.Bxe7 Rxe7 36.Ra3 Rec7
37.Qd4 Bf8 38.Qh4+ Kg7 39.Raa1 Rxc3 40.Be4 Be7 41.Qg3 Bxe4 42.Rxe4 Rc1+ 43.Rxc1 Rxc1+
44.Kf2 Bc5+ 45.Ke2 Qd7  0-1

[Event "Goodricke Open"]
[Site "Calcutta IND"]
[Date "2000.02.12"]
[Round "7"]
[White "Babu,NS"]
[Black "Najdoski,T"]
[Result "1/2-1/2"]
[WhiteElo "2336"]
[BlackElo "2548"]

1.d4 Nf6 2.c4 g6 3.Nc3 d5 4.cxd5 Nxd5 5.e4 Nxc3 6.bxc3 Bg7 7.Be3 c5 8.Qd2 Nc6
9.Rd1 Qa5 10.Bc4 O-O 11.Ne2 cxd4 12.cxd4 Qxd2+ 13.Rxd2 Na5 14.Bd3 Bd7 15.Rb2 b6
16.Kd2 Rac8 17.Rc1 Rxc1 18.Kxc1 Rc8+ 19.Rc2 Rxc2+ 20.Kxc2 Nc6 21.Kc3 Kf8
22.Bc4 Ke8 23.Bc1 e6 24.Ba3 Bf8 25.Bxf8 Kxf8 26.a3 Ke8 27.f3 Ke7 28.Nf4 g5
29.Ne2 f6 30.f4 h6 31.g3 Nd8 32.d5 e5 33.fxe5 fxe5 34.Nc1 Nb7 35.Nd3 Kf6
36.Nf2 Nd6 37.Be2 Bc8 38.Bg4 Ba6 39.Bf3 Bc8 40.Bg4  1/2-1/2

[Event "Petroff Mem Open"]
[Site "St Petersburg RUS"]
[Date "2000.02.14"]
[Round "7"]
[White "Selin,O"]
[Black "Yandemirov,V"]
[Result "0-1"]
[WhiteElo "2327"]
[BlackElo "2472"]

1.d4 Nf6 2.c4 g6 3.Nc3 d5 4.cxd5 Nxd5 5.e4 Nxc3 6.bxc3 Bg7 7.Nf3 c5 8.Rb1 O-O
9.Be2 Nc6 10.d5 Ne5 11.Nxe5 Bxe5 12.Qd2 e6 13.f4 Bc7 14.O-O exd5 15.exd5 Ba5
16.Rb5 b6 17.Rxa5 bxa5 18.c4 Qd6 19.Bb2 f6 20.g4 Bd7 21.g5 Rae8 22.Bxf6 Rxf6
23.gxf6 Qxf6 24.Bf3 a4 25.d6 Kg7 26.Qd5 Qxf4 27.Qxc5 Bh3 28.Bg2 Qg4 29.Qf2 Bxg2
30.Qxg2 Qxc4 31.Kh1 Re5 32.d7 Qd5 33.Qxd5 Rxd5 34.Rf4 Rxd7 35.Rxa4 Kf6 36.Kg2 Ke5
37.Kg3 Kd5 38.Kg4 Kc5 39.h4 Kb5 40.Rf4 a5 41.a4+ Kc5 42.Kg5 Rb7 43.Re4 Kd5
44.Rf4 Rb1 45.h5 Kc5 46.hxg6 Rg1+ 47.Kf5 hxg6+ 48.Ke4 Re1+ 49.Kd3 Re5 50.Rc4+ Kd5
51.Rc8 Ke6 52.Kd4 Rh5 53.Rc6+ Kf7 54.Ke4 Rf5 55.Rb6 Kg7 56.Ra6 Kh6 57.Kd3 Kh5
58.Ke4 Kg5 59.Ke3 Rc5 60.Kf3 Re5 61.Kg3 Kf5 62.Ra8 Ke4 63.Ra6 g5 64.Kg4 Kd4
65.Rc6 Rc5 66.Rd6+ Kc3 67.Rb6 Rc4+ 68.Kf3 Rxa4 69.Ke3 Rb4 70.Rc6+ Rc4 71.Ra6 a4
72.Ra8 g4 73.Ra7 Kc2 74.Kf2 Kb3 75.Ke2 a3  0-1

[Event "FSGM February"]
[Site "Budapest HUN"]
[Date "2000.02.15"]
[Round "11"]
[White "Hoang Thanh Trang"]
[Black "Fogarasi,T"]
[Result "0-1"]
[WhiteElo "2448"]
[BlackElo "2429"]

1.d4 Nf6 2.c4 g6 3.Nc3 d5 4.cxd5 Nxd5 5.e4 Nxc3 6.bxc3 Bg7 7.Bb5+ c6 8.Ba4 O-O
9.Ne2 Nd7 10.O-O e5 11.Be3 Qe7 12.Qc2 Nb6 13.Bb3 Be6 14.a4 Nc4 15.Bc1 Rfd8
16.Rd1 Na5 17.Bxe6 Qxe6 18.Ba3 exd4 19.cxd4 Nb3 20.Rab1 Nxd4 21.Nxd4 Rxd4
22.Rxd4 Bxd4 23.Rxb7 Re8 24.Rc7 Qxe4 25.Qxe4 Rxe4 26.Rc8+ Kg7 27.Bf8+ Kf6
28.Rxc6+ Re6 29.Rc1 Re2 30.Rc6+ Kf5 31.g4+ Kxg4 32.Rc4 Kf3 33.Kf1 Rxf2+ 34.Ke1 Be3
35.Rc7 f5 36.Rxh7 f4 37.Rh3+ Ke4 38.Rh6 Rc2 39.Ba3 Ra2  0-1

[Event "Goodricke Open"]
[Site "Calcutta IND"]
[Date "2000.02.16"]
[Round "11"]
[White "Dao Thien Hai"]
[Black "Peng Xiaomin"]
[Result "1/2-1/2"]
[WhiteElo "2550"]
[BlackElo "2624"]

1.d4 Nf6 2.c4 g6 3.Nc3 d5 4.cxd5 Nxd5 5.e4 Nxc3 6.bxc3 Bg7 7.Bb5+ c6 8.Ba4 O-O
9.Ba3 b6 10.Ne2 Ba6 11.O-O Qc7 12.Bb3 c5 13.Re1 Nc6 14.dxc5 Rfd8 15.Qc2 Bd3
16.Qc1 e6 17.Qe3 Ne5 18.cxb6 axb6 19.Bb4 Bxe2 20.Rxe2  1/2-1/2

[Event "It"]
[Site "Harkany HUN"]
[Date "2000.02.17"]
[Round "1"]
[White "Bogdan,D"]
[Black "Nanu,C"]
[Result "1/2-1/2"]
[WhiteElo "2353"]
[BlackElo "2380"]

1.d4 g6 2.c4 Nf6 3.Nc3 d5 4.cxd5 Nxd5 5.e4 Nxc3 6.bxc3 Bg7 7.Nf3 c5 8.Rb1 O-O
9.Be2 cxd4 10.cxd4 Qa5+ 11.Bd2 Qxa2 12.O-O  1/2-1/2

[Event "It"]
[Site "Harkany HUN"]
[Date "2000.02.18"]
[Round "2"]
[White "Flumbort,A"]
[Black "Amrein,R"]
[Result "1-0"]
[WhiteElo "2260"]
[BlackElo "2297"]

1.d4 Nf6 2.c4 g6 3.Nc3 d5 4.cxd5 Nxd5 5.e4 Nxc3 6.bxc3 Bg7 7.Nf3 c5 8.Rb1 O-O
9.Be2 Nc6 10.d5 Ne5 11.Nxe5 Bxe5 12.Qd2 e6 13.f4 Bc7 14.O-O exd5 15.exd5 Ba5
16.f5 Bxf5 17.Rxb7 Qf6 18.Rf3 Qe5 19.Bc4 Bc8 20.Rb3 Bc7 21.Qf4 Bf5 22.Qh4 Rfe8
23.Rf1 Qe4 24.Qxe4 Rxe4 25.d6 Bxd6 26.Bd5 Rae8 27.Bxe4 Rxe4 28.Rd1 Kg7 29.Rxd6 Re1+
30.Kf2 Rxc1 31.Rd2 a6 32.Ra3 Bc8 33.Ke3 Kf6 34.Kd3 Bd7 35.Kc4 Bb5+ 36.Kxc5 Ke6
37.Rd4 Rc2 38.c4 f5 39.Kb4 Bc6 40.Rxa6 Ke5 41.Rh4 Bxg2 42.Ra5+ Kf6 43.Rxh7 Bf1
44.Ra6+ Ke5 45.Rxg6 Rxc4+ 46.Kb3 Rc8 47.Rb6 Bc4+ 48.Kb2 f4 49.Re7+ Kf5 50.a4 f3
51.Re3 Kf4 52.Rc3 Ke4 53.Rb4 Rf8 54.Rcxc4+ Ke3 55.Re4+ Kf2 56.Rf4  1-0

[Event "16th open"]
[Site "Cappelle La Grande FRA"]
[Date "2000.02.19"]
[Round "1"]
[White "Navrotescu,C"]
[Black "Oral,T"]
[Result "1/2-1/2"]
[WhiteElo "2439"]
[BlackElo "2540"]

1.d4 Nf6 2.c4 g6 3.Nc3 d5 4.cxd5 Nxd5 5.e4 Nxc3 6.bxc3 Bg7 7.Nf3 c5 8.Bb5+ Nc6
9.O-O cxd4 10.cxd4 Bg4 11.Be3 O-O 12.Bxc6 bxc6 13.Rc1 Qd7 14.h3 Bxf3 15.Qxf3 Rab8
16.Rc4 Qe6 17.Ra4 Qd7 18.Rc4 Qe6 19.Ra4 Qd7 20.Rc4  1/2-1/2